00417cam a22001452 4500001001100000005001700011008004100028020002600069040001500095050001500110245008300125260004500208300001000253650000800263000000318020151217151917.0070430s xx 000 0 eng d a9966212469 :cKES 220 aKABUcKABU 0aHQ21b.P6610aPontifical Council for the Family :bThe Truth and meaning of human sexuality. aNairobi :bPaulines Publications,c1996. a64 p. aSex